[Event "Niedersachsen-ch U18 Girls"]
[Site "Rotenburg"]
[Date "2013.03.25"]
[Round "4"]
[White "Edel, Fenja"]
[Black "Veelders, Sarah"]
[Result "1-0"]
[WhiteElo "1635"]
[BlackElo "1178"]
[PlyCount "25"]
[EventDate "2013.03.23"]
[EventType "swiss"]
[EventRounds "9"]
[EventCountry "GER"]
[SourceTitle "EXT 2015"]
[Source "ChessBase"]
[SourceDate "2014.11.20"]
[SourceVersion "1"]
[SourceVersionDate "2014.11.20"]
[SourceQuality "1"]

1. e4 d6 2. d4 g6 3. Nc3 Bg7 4. f4 Nd7 5. Nf3 e5 6. fxe5 dxe5 7. dxe5 Nxe5 8. Qxd8+ Kxd8 9. Bd2 Bd7 10. 0-0-0 Ne7 11. Bg5 N5c6 12. Nd5 Ke8 13. Nxc7+ 1-0

[Event "Niedersachsen-ch U18 Girls"]
[Site "Rotenburg"]
[Date "2013.03.24"]
[Round "3"]
[White "Veelders, Sarah"]
[Black "Boschen, Katharina"]
[Result "1-0"]
[WhiteElo "1178"]
[BlackElo "900"]
[PlyCount "43"]
[EventDate "2013.03.23"]
[EventType "swiss"]
[EventRounds "9"]
[EventCountry "GER"]
[SourceTitle "EXT 2015"]
[Source "ChessBase"]
[SourceDate "2014.11.20"]
[SourceVersion "1"]
[SourceVersionDate "2014.11.20"]
[SourceQuality "1"]

1. e4 c5 2. Nc3 Nc6 3. f4 d6 4. Bc4 Nf6 5. d3 e5 6. f5 g6 7. g4 Bg7 8. Bg5 0-0 9. h3 Qb6 10. Bxf6 Bxf6 11. Nd5 Bh4+ 12. Kf1 Qxb2 13. Nf3 Bd8 14. Rb1 Qa3 15. Qd2 Ba5 16. Nf6+ Kg7 17. Qg5 Bd8 18. Nh5+ Kg8 19. f6 Bxf6 20. Nxf6+ Kh8 21. Qh6 Be6 22. Qxh7# 1-0

[Event "Niedersachsen-ch U18 Girls"]
[Site "Rotenburg"]
[Date "2013.03.23"]
[Round "1"]
[White "Veelders, Sarah"]
[Black "Schwabenland, Julia"]
[Result "1-0"]
[WhiteElo "1178"]
[BlackElo "758"]
[PlyCount "71"]
[EventDate "2013.03.23"]
[EventType "swiss"]
[EventRounds "9"]
[EventCountry "GER"]
[SourceTitle "EXT 2015"]
[Source "ChessBase"]
[SourceDate "2014.11.20"]
[SourceVersion "1"]
[SourceVersionDate "2014.11.20"]
[SourceQuality "1"]

1. b3 e5 2. e3 Nc6 3. Bb2 d6 4. Nc3 Nf6 5. Qe2 Bg4 6. f3 Bh5 7. g4 Bg6 8. 0-0-0 d5 9. h4 Nb4 10. Kb1 Bxc2+ 11. Ka1 Bxd1 12. Qxd1 Qd7 13. g5 Nh5 14. Rh3 e4 15. f4 0-0-0 16. Qxh5 g6 17. Qd1 Bg7 18. Be2 Rhe8 19. h5 d4 20. exd4 Bxd4 21. Rh1 gxh5 22. Bxh5 e3 23. d3 Qe7 24. Nge2 Kb8 25. Qb1 Qc5 26. Bxf7 Rf8 27. Bc4 Rd6 28. Ne4 Bxb2+ 29. Qxb2 Qc6 30. Nd4 Qb6 31. Nxd6 Qxd6 32. Ne6 Qc6 33. Rxh7 Rf5 34. Rh8+ Rf8 35. Rxf8+ Qe8 36. Rxe8# 1-0

[Event "Niedersachsen-ch U18 Girls"]
[Site "Rotenburg"]
[Date "2012.04.04"]
[Round "8"]
[White "Luecke, Kristina"]
[Black "Veelders, Sarah"]
[Result "0-1"]
[WhiteElo "873"]
[BlackElo "967"]
[PlyCount "118"]
[EventDate "2012.03.31"]
[EventType "swiss"]
[EventRounds "9"]
[EventCountry "GER"]
[SourceTitle "EXT 2015"]
[Source "ChessBase"]
[SourceDate "2014.11.20"]
[SourceVersion "1"]
[SourceVersionDate "2014.11.20"]
[SourceQuality "1"]

1. e4 d6 2. Nf3 Nf6 3. d4 g6 4. Nc3 Bg7 5. Be2 0-0 6. 0-0 c6 7. d5 Nbd7 8. h3 Nc5 9. Be3 Ncxe4 10. Nxe4 Nxe4 11. Qc1 Nf6 12. Bh6 Nxd5 13. Re1 Be6 14. Bc4 Qd7 15. Bxd5 Bxd5 16. Nd4 Bxd4 17. Bxf8 Rxf8 18. c3 Bg7 19. c4 Be6 20. c5 f5 21. Rd1 d5 22. Re1 f4 23. f3 Bd4+ 24. Kh1 Bxh3 25. Qc2 Bf5 26. Qe2 Bxc5 27. a3 Re8 28. b4 Bd6 29. Kg1 e5 30. Rab1 Bxb1 31. Rxb1 e4 32. fxe4 dxe4 33. Qc4+ Qe6 34. Qxe6+ Rxe6 35. Rd1 e3 36. Re1 c5 37. b5 c4 38. a4 c3 39. a5 e2 40. a6 bxa6 41. bxa6 Bb4 42. Kf2 c2 43. Rc1 e1R 44. Rxc2 Rxa6 45. Rc8+ Kg7 46. Rc7+ Kh6 47. Rb7 Ra2+ 48. Kf3 Bd6 49. Rb3 Re3+ 50. Rxe3 fxe3 51. Kxe3 Ra4 52. g4 Kg5 53. Ke2 Be5 54. Kf3 a6 55. Ke2 Kxg4 56. Ke3 a5 57. Ke2 Kf4 58. Kf2 Ra2+ 59. Ke1 Bc3+ 0-1

[Event "Niedersachsen-ch U18 Girls"]
[Site "Rotenburg"]
[Date "2012.04.04"]
[Round "6"]
[White "Veelders, Sarah"]
[Black "Baghdasaryan, Ani"]
[Result "0-1"]
[WhiteElo "967"]
[BlackElo "1353"]
[PlyCount "94"]
[EventDate "2012.03.31"]
[EventType "swiss"]
[EventRounds "9"]
[EventCountry "GER"]
[SourceTitle "EXT 2015"]
[Source "ChessBase"]
[SourceDate "2014.11.20"]
[SourceVersion "1"]
[SourceVersionDate "2014.11.20"]
[SourceQuality "1"]

1. f4 d5 2. b3 c5 3. Bb2 Nc6 4. e3 e6 5. Nf3 Nf6 6. Be2 Be7 7. 0-0 0-0 8. Qe1 b6 9. d3 Bb7 10. Nbd2 Rc8 11. Bd1 h6 12. Qg3 Re8 13. a3 a5 14. Ne5 Bf8 15. Ndf3 Ne7 16. Ng4 Nxg4 17. Qxg4 Nf5 18. Re1 d4 19. e4 Ne3 20. Qg3 f5 21. exf5 exf5 22. Bc1 Nxd1 23. Rxd1 Re6 24. Bd2 Rcc6 25. Qf2 Qe8 26. Re1 Rxe1+ 27. Rxe1 Re6 28. Rxe6 Qxe6 29. Ne5 Bd5 30. Qh4 Be7 31. Qh5 Bf6 32. Qg6 Bxe5 33. Qxe6+ Bxe6 34. fxe5 Kf7 35. Kf2 Bd5 36. b4 cxb4 37. axb4 a4 38. Bc1 Ke6 39. Bb2 Kxe5 40. c3 g5 41. cxd4+ Kd6 42. g3 Kc6 43. Bc3 a3 44. Ke2 Kb5 45. Kd1 Ka4 46. Kc2 f4 47. gxf4 gxf4 0-1

[Event "GER-chT U20 Girls"]
[Site "Magdeburg"]
[Date "2010.12.29"]
[Round "5.4"]
[White "Veelders, Sarah"]
[Black "Merker, Vivien"]
[Result "1-0"]
[WhiteElo "1085"]
[BlackElo "1101"]
[PlyCount "69"]
[EventDate "2010.12.27"]
[EventType "team-swiss"]
[EventRounds "7"]
[EventCountry "GER"]
[SourceTitle "CBM 140 Extra"]
[Source "ChessBase"]
[SourceDate "2011.03.01"]
[SourceVersion "1"]
[SourceVersionDate "2011.03.01"]
[SourceQuality "1"]
[WhiteTeam "Nordhorn Blanke"]
[BlackTeam "Magdeburg USC"]
[WhiteTeamCountry "GER"]
[BlackTeamCountry "GER"]

1. b3 d5 2. e3 c5 3. Bb2 Nc6 4. f4 Nf6 5. Be2 Bf5 6. g4 Bd7 7. g5 Ng8 8. h4 f6 9. Nc3 e5 10. Nxd5 Be6 11. Bh5+ g6 12. Nxf6+ Nxf6 13. gxf6 gxh5 14. Qxh5+ Bf7 15. Qf5 Qd5 16. e4 Qd8 17. fxe5 Bh6 18. 0-0-0 Qa5 19. a3 Nd4 20. Bxd4 cxd4 21. e6 Qxa3+ 22. Kb1 Bg6 23. f7+ Ke7 24. Qd5 Rhd8 25. Qxb7+ Kxe6 26. Qc6+ Ke5 27. Nf3+ Kf4 28. Qf6+ Kxe4 29. Rde1+ Kd5 30. Qxd4+ Kc6 31. Re6+ Kb5 32. Qc4+ Ka5 33. Qa6+ Kb4 34. Qc4+ Ka5 35. Ra6# 1-0

[Event "Niedersachsen-ch Girls"]
[Site "Rotenburg"]
[Date "2009.04.05"]
[Round "2"]
[White "Flauss, Jessica"]
[Black "Veelders, Sarah"]
[Result "1-0"]
[WhiteElo "1601"]
[BlackElo "1125"]
[PlyCount "45"]
[EventDate "2009.04.04"]
[EventType "swiss"]
[EventRounds "9"]
[EventCountry "GER"]
[SourceTitle "EXT 2010"]
[Source "ChessBase"]
[SourceDate "2010.11.25"]
[SourceVersion "1"]
[SourceVersionDate "2010.11.25"]
[SourceQuality "1"]

1. e4 e6 2. d4 d5 3. e5 c5 4. c3 Qb6 5. Nf3 Nc6 6. Be2 Nh6 7. Bxh6 Qxb2 8. Bd2 Qxa1 9. Qc2 cxd4 10. 0-0 d3 11. Bxd3 Be7 12. Rc1 0-0 13. Na3 Qxc1+ 14. Bxc1 Bd7 15. Bxh7+ Kh8 16. Bd3 Rac8 17. Nb5 Nb4 18. Qd2 Nxd3 19. Qxd3 a6 20. Nbd4 b5 21. Ng5 g6 22. Qh3+ Kg8 23. Qh7# 1-0

[Event "Niedersachsen-ch U12/14 Girls"]
[Site "Rotenburg"]
[Date "2008.03.18"]
[Round "4"]
[White "Veelders, Sarah"]
[Black "Menke, Kira"]
[Result "1/2-1/2"]
[WhiteElo "747"]
[BlackElo "778"]
[PlyCount "142"]
[EventDate "2008.03.15"]
[EventType "swiss"]
[EventRounds "7"]
[EventCountry "GER"]
[SourceTitle "EXT 2009"]
[Source "ChessBase"]
[SourceDate "2008.11.26"]
[SourceVersion "1"]
[SourceVersionDate "2008.11.26"]
[SourceQuality "1"]

1. e4 e5 2. Nf3 Nc6 3. d4 Nf6 4. Nc3 Bb4 5. d5 Ne7 6. Bd3 d6 7. h3 0-0 8. Bd2 b6 9. 0-0 Bb7 10. Qe2 Qd7 11. a3 Bxc3 12. Bxc3 Rfe8 13. a4 Ng6 14. Bb5 c6 15. dxc6 Bxc6 16. Qc4 Rac8 17. Qb3 Bxb5 18. axb5 Nf4 19. Ng5 d5 20. exd5 Qxd5 21. Qxd5 N4xd5 22. Ra2 Nxc3 23. bxc3 Rxc3 24. Rfa1 Rcc8 25. Rxa7 Rf8 26. c4 Rxc4 27. Ra8 Ne8 28. R1a7 Rc7 29. Rxc7 Nxc7 30. Ra7 Nxb5 31. Rb7 Nd6 32. Rxb6 h6 33. Nf3 Nc4 34. Rb4 Rc8 35. Kf1 e4 36. Nd4 Nd2+ 37. Ke2 Nc4 38. Kd1 e3 39. fxe3 Nxe3+ 40. Kd2 Nxg2 41. Rb3 Rd8 42. Kd3 Nf4+ 43. Ke3 Nxh3 44. Ke4 Ng5+ 45. Ke3 h5 46. Rb5 f6 47. Rb7 h4 48. Nf5 Re8+ 49. Kf2 g6 50. Nxh4 Ne4+ 51. Kg2 g5 52. Ng6 f5 53. Ne7+ Kf7 54. Nxf5+ Ke6 55. Ng7+ Ke5 56. Nxe8 g4 57. Re7+ Kf4 58. Re6 g3 59. Nf6 Ng5 60. Nh5+ Kg4 61. Rh6 Nf7 62. Nf6+ Kg5 63. Rh7 Kxf6 64. Kxg3 Ng5 65. Rh5 Ne4+ 66. Kf4 Nf2 67. Rh6+ Kg7 68. Ra6 Nd3+ 69. Kg5 Nc5 70. Rf6 Ne4+ 71. Kf4 Nxf6 1/2-1/2